Central Library OPAC University of Rajshahi

ابن سينا : دراسة، مختارات Ibn sina dirasatu-mukhtarat / (Record no. 81090)

MARC details
000 -LEADER
fixed length control field 00844nam a22002657a 4500
001 - CONTROL NUMBER
control field 81090
003 - CONTROL NUMBER IDENTIFIER
rucl marc code BD-RjUL
005 - DATE AND TIME OF LATEST TRANSACTION
control field 20230121160035.0
008 - FIXED-LENGTH DATA ELEMENTS--GENERAL INFORMATION
fixed length control field 230117s1956 s ||||| |||| 00| 0 ar d
035 ## - SYSTEM CONTROL NUMBER
System control number (BD-RjUL)81090
040 ## - CATALOGING SOURCE
Original cataloging agency BD-RjUL
Language of cataloging eng
Transcribing agency BD-RjUL
041 ## - LANGUAGE CODE
Language code of text/sound track or separate title ara
082 ## - DEWEY DECIMAL CLASSIFICATION NUMBER
Edition number 23
Classification number 181.07092
Author mark and year QAI 1956
100 ## - MAIN ENTRY--PERSONAL NAME
Personal name :Qamair, yuhanaa قمير، يوحنا
9 (RLIN) 6609
245 ## - TITLE STATEMENT
Title ابن سينا : دراسة، مختارات Ibn sina dirasatu-mukhtarat /
Statement of responsibility, etc. yuhanaa Qamair, يوحنا قمر
250 ## - EDITION STATEMENT
Edition statement ط. 2، منقحة
260 ## - PUBLICATION, DISTRIBUTION, ETC. (IMPRINT)
Place of publication, distribution, etc. Lahore :
Name of publisher, distributor, etc. Matbaat al Kasulyah,
Date of publication, distribution, etc. 1956
300 ## - PHYSICAL DESCRIPTION
Pagination 92 p. ;
Size 21 cm
490 ## - SERIES STATEMENT
Series statement فلاسفة العرب ;
Volume/sequential designation 10
600 ## - SUBJECT ADDED ENTRY--PERSONAL NAME
Personal name Ibn Sina
650 ## - SUBJECT ADDED ENTRY--TOPICAL TERM
Topical term or geographic name as entry element Islam and philosophy
9 (RLIN) 4662
Topical term or geographic name as entry element Philosophers
830 ## - SERIES ADDED ENTRY--UNIFORM TITLE
Uniform title فلاسفة العرب ;
Volume number/sequential designation 10
942 ## - ADDED ENTRY ELEMENTS (KOHA)
Source of classification or shelving scheme Dewey Decimal Classification
Koha item type Books
Holdings
Lost status Source of classification or shelving scheme Damaged status Not for loan Collection code Permanent Location Current Location Shelving location Date acquired Full call number Date last seen Copy number Koha item type
  Dewey Decimal Classification   Not For Loan Non-fiction Central Library, University of Rajshahi Central Library, University of Rajshahi Reading Room 17/01/2023 A 181.07092 QAI V-2 1956 17/01/2023 C-1 Books